| 000 | 00550nam a22001577a 4500 | ||
|---|---|---|---|
| 008 | 120418s2004 ua|||||r|||| 000 0 ara d | ||
| 020 | _a9772157918 | ||
| 082 |
_a070 _bر ا غ |
||
| 100 |
_916250 _aراغب ، نبيل |
||
| 245 |
_aالصحافة الصفراء : _bالجذور والفروع / _cتأليف نبيل راغب |
||
| 260 |
_aالقاهرة : _bدار غريب ، _c2004 |
||
| 300 |
_a472 ص ؛ _c22 سم |
||
| 504 | _aيشتمل على إرجاعات ببليوجرافية: ص 467-472 | ||
| 653 |
_bAra _cApril2012 |
||
| 942 |
_2ddc _cBB |
||
| 999 |
_c16661 _d16661 |
||